000 00243nam a2200097Ia 4500
008 170619s9999 xx 000 0 und d
100 _aSahgal - Nagantara
245 0 _aJawahar Lal Nehru Civilizing a Savage World
260 _bPENGUIN
260 _c2010
546 _aENGLISH
999 _c21674
_d21674